|
|
|
|
| LEADER |
00642nam a2200253 a 4500 |
| 001 |
adlib96000001 |
| 003 |
ViArRB |
| 005 |
20151026130827.0 |
| 008 |
960221s1955 dcuabcdjdbkoqu001 0deng d |
| 020 |
|
|
|
| 022 |
|
|
|
| 040 |
|
|
|a Adlib
|
| 082 |
|
|
|a F
|
| 245 |
|
|
|a first circle
|
| 250 |
|
|
|
| 260 |
|
|
|a New York
|b Harper & Row
|c 1968
|
| 300 |
|
|
|a 700p.
|
| 500 |
|
|
|a
|
| 100 |
|
|
|a Guybon, Micahel
|e r. from Russian by
|
| 700 |
|
|
|
| 942 |
|
|
|c BK
|6 _
|
| 653 |
|
|
|a Russian
|a Literature
|a Fiction
|a Guybon, Michael
|
| 999 |
|
|
|c 14174
|d 14174
|
| 952 |
|
|
|0 0
|1 0
|4 0
|6 F_SOLF
|7 0
|9 25687
|a UL
|b UL
|d 2010-06-16
|o F SOL/F
|p 00017059
|r 2010-06-16
|w 2010-06-16
|y BK
|